| 000 | 00971nam a2200301 a 4500 | ||
|---|---|---|---|
| 001 | 000007137 | ||
| 003 | DO-SdBNP | ||
| 005 | 20240312135116.0 | ||
| 007 | 000007137 | ||
| 008 | 090717s2013 mx 001 0 spa d | ||
| 020 | _z9786071617750 | ||
| 040 |
_aBPMSU _bspa _cBPMSU |
||
| 082 | 4 |
_aN863.6 _bR173c 2013 _222 |
|
| 100 | 1 |
_aRamírez, Sergio. _d |
|
| 245 | 1 | 0 |
_aCuentos completos / _cSergio Ramírez. _b |
| 260 |
_aMéxico : _c2013 _bFondo de Cultura Económica _b |
||
| 300 |
_a 492 p. ; _c23 cm. _b |
||
| 490 | 0 | _aTierra firme | |
| 500 | _aIncluye datos biogràficos del autor en la contracubierta | ||
| 500 | _aIncluye referencias bibliográficas y notas al pie de las páginas | ||
| 590 | _aInventariado, 2024/VM | ||
| 650 | 4 | _aCuentos nicaragüenses. | |
| 650 | 4 |
_aMujeres _vCuentos. |
|
| 650 | 4 |
_aVida cotidiana. _vCuentos. |
|
| 710 | 2 | _aFondo de Cultura Económica (México) | |
| 910 | _aVMateo V. Control de calidad BPMSU | ||
| 942 |
_2ddc _cBK |
||
| 999 |
_c14588 _d14588 |
||